MACROECONOMICS (Record no. 74014)
[ view plain ]
| 000 -LEADER | |
|---|---|
| fixed length control field | 00230nam a2200097Ia 4500 |
| 050 ## - LIBRARY OF CONGRESS CALL NUMBER | |
| Classification number | HB 172.5 .B692 2005 C.1 |
| 100 ## - MAIN ENTRY--PERSONAL NAME | |
| Personal name | BOYES,WILLIAM |
| 245 #0 - TITLE STATEMENT | |
| Title | MACROECONOMICS |
| 942 ## - ADDED ENTRY ELEMENTS (KOHA) | |
| Koha item type | Long Loan Book |
| Withdrawn status | Lost status | Source of classification or shelving scheme | Damaged status | Not for loan | Collection | Home library | Current library | Shelving location | Date acquired | Inventory number | Total checkouts | Full call number | Barcode | Date last seen | Copy number | Price effective from | Koha item type |
|---|---|---|---|---|---|---|---|---|---|---|---|---|---|---|---|---|---|
| Library of Congress Classification | Business & Economics | Kisii University Library | Kisii University Library | On Display | 06/19/2024 | 50200 | HB 172.5 .B69 2005 | 018076 | 06/19/2024 | C.1 | 06/19/2024 | Long Loan Book |